000 00341nam a2200109Ia 4500
008 171204s9999 xx 000 0 und d
245 _aChild Psychopathology:
245 _cEric J. Mash PhD and Russell A. Barkley PhD ABPP ABCN
260 _c2014
650 _xADVANCED PSYCHOPATHOLOGY
856 _uhttp://down.ebook777.com/042/1462516688.pdf
999 _c346881
_d346881